La guerra antigua: de Sumer a Roma

Saved in:
Bibliografiske detaljer
Hovedforfatter: Harmand, Jacques (Author)
Format: Bog
Sprog:spansk
Udgivet: Madrid Edaf 1976
Serier:Edaf Universitaria, 5
Fag:
Tags: Tilføj Tag
Ingen Tags, Vær først til at tagge denne postø!

MARC

LEADER 00000nam a2200000 a 4500
001 UCP8705
003 CL-VaPUC
008 000310e19760000SP |||||||||||||||||spa|d
082 0 4 |a 930  |b HAR  |2 21 
100 0 |a Harmand, Jacques  |e author  |9 438852 
245 1 3 |a La guerra antigua: de Sumer a Roma 
300 |a 258 p 
942 |c BK 
945 |d 20000310 00:00:00  |a rherrera 
260 |a Madrid  |b Edaf  |c 1976 
650 0 |a Historia antigua  |9 267521 
650 0 |a Guerra  |9 255876 
650 0 |a Conflictos  |9 332195 
650 7 |a INVASIONES  |2 CL-VaPUC  |9 392362 
650 7 |a GUERRAS CIVILES  |2 CL-VaPUC  |9 361938 
650 0 |a Armas   |9 318202 
650 0 |a Militares   |9 336881 
650 0 |a Estrategias militares   |9 438853 
650 7 |a GUERRA NAVAL  |2 CL-VaPUC  |9 381792 
650 7 |a GUERRAS CIVILES  |2 CL-VaPUC  |9 361938 
650 7 |a GUERRA PSICOLOGICA  |2 CL-VaPUC  |9 380496 
650 0 |a Tácticas de guerra  |9 438854 
583 |a last modification  |c 20000310 00:00:00  |k Rodrigo Vera 
490 0 |a Edaf Universitaria, 5 
999 |c 285596  |d 285594 
952 |0 0  |1 0  |4 0  |6 930_000000000000000_HAR_1976  |7 0  |8 A  |9 330320  |a BIBHIS  |b BIBHIS  |d 2019-11-20  |i 1393499  |o 930 HAR 1976  |p 1393499  |r 2025-01-20  |w 2019-11-20  |y BK  |k HIS